The farm as natural habitat : (Registro nro. 3736)

Detalles MARC
000 -CABECERA
Campo de control 00931cam a22002774a 4500
005 - FECHA Y HORA DE LA ULTIMA TRANSACCION
Campo de control 20160610113458.0
008 - ELEMENTOS DE LONGITUD FIJA—INFORMACION GENERAL
Campo de control 020412s2002 dcuab b 001 0 eng
020 ## - ISBN
ISBN 155963846X
020 ## - ISBN
ISBN 1559638478
040 ## - FUENTE DE CATALOGACIÓN
Agencia catalogadora original DLC
Agencia transcriptora DLC
Agencia Modificadora DLC
041 0# - IDIOMA
Código de idioma para texto/pista de sonido o título separado Español
042 ## - AUTHENTICATION CODE
Authentication code pcc
044 ## - PAÍS DE PUBLICACIÓN
País de publicación Colombia
082 00 - NUMERO DE CLASIFICACION DECIMAL DEWEY
Número de clasificación 577.55
Número del ítem F23n
245 04 - MENCION DE TITULO
Título The farm as natural habitat :
Parte restante del título reconnecting food systems with ecosystems /
Mención de responsabilidad editado por Dana L. Jackson y Laura L. Jackson.
260 ## - PUBLICACION, DISTRIBUCION, ETC. (PIE DE IMPRENTA)
Lugar de publicación, distribución, etc. Washington, D.C. :
Nombre del editor, distribuidor, etc. Island Press,
Fecha de publicación, distribución, etc. c2002.
300 ## - DESCRIPCION FISICA
Extensión xii, 297 páginas :
Otros detalles físicos ilustraciones y mapas ;
Dimensiones 24 x 15 cm.
500 ## - NOTA GENERAL
Nota general Incluye índice.
504 ## - NOTA DE BIBLIOGRAFIA, ETC.
Nota de bibliografía Incluye referencias bibliográficas.
650 24 - ASIENTO SECUNDARIO DE MATERIA - TERMINO TEMATICO
Término temático o nombre geográfico como elemento de entrada Ecología agrícola
9 (RLIN) 71588
650 26 - ASIENTO SECUNDARIO DE MATERIA - TERMINO TEMATICO
Término temático o nombre geográfico como elemento de entrada Agrobiodiversidad
9 (RLIN) 71589
650 26 - ASIENTO SECUNDARIO DE MATERIA - TERMINO TEMATICO
Término temático o nombre geográfico como elemento de entrada Agrobiodiversidad
Subdivisión general conservación
9 (RLIN) 71590
700 1# - ASIENTO SECUNDARIO - NOMBRE PERSONAL
Nombre personal Jackson, Dana L.
Término de relación editora
9 (RLIN) 9211
700 1# - ASIENTO SECUNDARIO - NOMBRE PERSONAL
Nombre personal Jackson, Laura L.
Término de relación editora
9 (RLIN) 9217
942 ## - ELEMENTOS ADICIONALES (KOHA)
Sistema de clasificación Dewey Decimal Classification
Tipo de ítem Libro
Existencias
Withdrawn status Lost status Sistema de Clasificación Damaged status No para préstamo Colección Inventariado Ubicación Permanente Ubicación actual Fecha de adquisición Fuente de Valor Total Checkouts Número topográfico Inventario / Código de Barras Date last seen Ejemplar Price effective from Forma de adquisición Tipo de material
    Dewey Decimal Classification     General Inventariado 2017 Sala Fabio Quevedo Sala Fabio Quevedo 12/03/2004 Amazon   LB-577.55 F23n 018144 04/12/2012 Ej. 1 04/12/2012 Donación Libro